The art of software testing
Bewaard in:
| Hoofdauteur: | |
|---|---|
| Formaat: | Boek |
| Taal: | Engels |
| Gepubliceerd in: |
Nueva York
John Wiley and Sons
1979
|
| Editie: | 1a. ed |
| Reeks: | Business Data Procesing
|
| Onderwerpen: | |
| Tags: |
Voeg label toe
Geen labels, Wees de eerste die dit record labelt!
|
MARC
| LEADER | 00000cam a2200000 a 4500 | ||
|---|---|---|---|
| 001 | UCE0686 | ||
| 003 | CL-VaPUC | ||
| 008 | 140227e19790000us |||||||||||||||||eng|d | ||
| 020 | |a 0471043281 | ||
| 082 | 0 | 4 | |a 004.24 |b MYE |2 21 |
| 100 | |a Myers, Glenford J. |e author |9 573057 | ||
| 245 | 1 | 4 | |a The art of software testing |
| 250 | |a 1a. ed | ||
| 300 | |a 177 p | ||
| 942 | |c BK | ||
| 945 | |d 20140227 11:27:00 |a dcastane | ||
| 260 | |a Nueva York |b John Wiley and Sons |c 1979 | ||
| 650 | 0 | |a Programación de computadores |9 259531 | |
| 650 | 7 | |a TESTING |2 CL-VaPUC |9 388930 | |
| 583 | |a last modification |c 20140227 11:27:00 |k Rodrigo Vera | ||
| 490 | 0 | |a Business Data Procesing | |
| 999 | |c 354748 |d 354746 | ||